LIBRARY & INFORMATION CENTRE, KCAET, TAVANUR

ONLINE PUBLIC ACCESS CATALOGUE (OPAC)

Chemistry of polymers / (Record no. 10772)

MARC details
000 -LEADER
fixed length control field 00457cam a2200181ua 4500
020 ## - INTERNATIONAL STANDARD BOOK NUMBER
ISBN 0-854040-558-9
041 ## - LANGUAGE CODE
Language code of text/sound track or separate title eng
082 ## - DEWEY DECIMAL CLASSIFICATION NUMBER
Classification number 547.7
Item number NIC/CH
100 ## - MAIN ENTRY--AUTHOR NAME
Personal name Nicholson, John W .
245 ## - TITLE STATEMENT
Title Chemistry of polymers /
250 ## - EDITION STATEMENT
Edition statement 2 /
260 ## - PUBLICATION, DISTRIBUTION, ETC. (IMPRINT)
Place of publication London :
Name of publisher Royal society of chemistry ,
Year of publication 1997.
300 ## - PHYSICAL DESCRIPTION
Number of Pages 190 ; .
500 ## - GENERAL NOTE
General note **Reference
942 ## - ADDED ENTRY ELEMENTS (KOHA)
Koha item type Books
Holdings
Withdrawn status Lost status Damaged status Home library Current library Date acquired Full call number Accession Number Koha item type
      KAUAET KAUAET 07/04/2012 547.7 20183 Reference
free website counter